[Event "Titled Tuesday intern op 04th Jul Early"]
[Site "Chess.com INT"]
[Date "2023.07.04"]
[Round "10"]
[White "Fonseca Manrique, Enrique"]
[Black "Toolin, Christopher"]
[Result "0-1"]
[WhiteElo "2169"]
[BlackElo "2165"]
[PlyCount "36"]
[EventDate "2023.07.04"]
[EventType "swiss (blitz)"]
[EventRounds "11"]
[EventCountry "USA"]
[SourceTitle "EXT 2024"]
[Source "ChessBase"]
[SourceDate "2023.10.10"]
[SourceVersion "1"]
[SourceVersionDate "2023.10.10"]
[SourceQuality "1"]

1. e4 c5 2. Nc3 Nc6 3. f4 e6 4. Nf3 d6 5. Bb5 Nge7 6. 0-0 g6 7. d3 Bg7 8. Qe1 0-0 9. Bxc6 Nxc6 10. Be3 Nd4 11. Qf2 Nxf3+ 12. Qxf3 b5 13. Nxb5 Rb8 14. Na3 Bxb2 15. Rab1 Ba6 16. Rxb2 Rxb2 17. f5 exf5 18. exf5 Bb7 0-1

[Event "Titled Tuesday intern op 04th Jul Late"]
[Site "Chess.com INT"]
[Date "2023.07.04"]
[Round "5"]
[White "Toolin, Christopher"]
[Black "Papasimakopoulos, Alexandros"]
[Result "1/2-1/2"]
[WhiteElo "2165"]
[BlackElo "2403"]
[PlyCount "128"]
[EventDate "2023.07.04"]
[EventType "swiss (blitz)"]
[EventRounds "11"]
[EventCountry "USA"]
[SourceTitle "EXT 2024"]
[Source "ChessBase"]
[SourceDate "2023.10.10"]
[SourceVersion "1"]
[SourceVersionDate "2023.10.10"]
[SourceQuality "1"]

1. d4 e6 2. c4 Nf6 3. Nf3 Bb4+ 4. Nbd2 b6 5. Qc2 Bb7 6. a3 Bxd2+ 7. Bxd2 d6 8. g3 Be4 9. Qb3 0-0 10. Bg2 c5 11. dxc5 bxc5 12. 0-0 Nc6 13. Bc3 Rb8 14. Qa4 Rb6 15. Rfd1 d5 16. cxd5 exd5 17. Ng5 Bxg2 18. Kxg2 d4 19. Nf3 Qe7 20. Bd2 Qxe2 21. Re1 Qb5 22. Qc2 c4 23. Bg5 d3 24. Qc1 Qxb2 25. Qxc4 Rd8 26. Reb1 Qc2 27. Qxc2 dxc2 28. Rxb6 axb6 29. Rc1 h6 30. Bxf6 gxf6 31. Rxc2 Ne5 32. Nh4 Ra8 33. Rc3 b5 34. Nf5 h5 35. Rb3 Kh7 36. Nd6 Rd8 37. Nxb5 Rd2 38. a4 Ng4 39. Rf3 Ra2 40. Nc3 Rc2 41. h3 Nxf2 42. Rxf2 Rxc3 43. Ra2 Rc6 44. a5 Ra6 45. Kf3 Kg6 46. Ke4 Kg5 47. Kd4 f5 48. Kc4 f4 49. gxf4+ Kxf4 50. Kb5 Ra8 51. Rf2+ Kg3 52. Rxf7 Kxh3 53. Kb6 h4 54. a6 Kg2 55. Kb7 Rxa6 56. Kxa6 h3 57. Rg7+ Kf2 58. Rf7+ Kg2 59. Rg7+ Kh1 60. Kb5 h2 61. Rh7 Kg2 62. Rg7+ Kh1 63. Rh7 Kg2 64. Rg7+ Kh1 1/2-1/2

[Event "Titled Tuesday intern op 04th Jul Late"]
[Site "Chess.com INT"]
[Date "2023.07.04"]
[Round "7"]
[White "Toolin, Christopher"]
[Black "Sanal, Vahap"]
[Result "0-1"]
[WhiteElo "2165"]
[BlackElo "2585"]
[PlyCount "88"]
[EventDate "2023.07.04"]
[EventType "swiss (blitz)"]
[EventRounds "11"]
[EventCountry "USA"]
[SourceTitle "EXT 2024"]
[Source "ChessBase"]
[SourceDate "2023.10.10"]
[SourceVersion "1"]
[SourceVersionDate "2023.10.10"]
[SourceQuality "1"]

1. d4 d6 2. c4 e5 3. Nf3 e4 4. Nfd2 f5 5. e3 Nf6 6. b3 Be7 7. Bb2 0-0 8. Nc3 c5 9. d5 Nbd7 10. f4 a6 11. Be2 b5 12. cxb5 axb5 13. Bxb5 Ng4 14. Qe2 Bf6 15. h3 Bh4+ 16. Kf1 Nf2 17. Rg1 Bg3 18. Nc4 Nf6 19. Bc6 Rb8 20. Nd1 Nd3 21. Bc3 Ba6 22. Ndb2 Nxb2 23. Bxb2 Qc7 24. Bc3 Qf7 25. Rd1 Nh5 26. Be1 Qg6 27. Bd7 Kh8 28. Be6 Ra8 29. Qb2 Rfb8 30. Qc2 Qf6 31. Bxg3 Nxg3+ 32. Kf2 Qh4 33. Ke1 Bxc4 34. bxc4 Ra3 35. Kd2 Nh1 36. Rxh1 Qf2+ 37. Kc1 Qxe3+ 38. Rd2 Rc3 39. Rhd1 Rxc2+ 40. Kxc2 Qa3 41. Rc1 e3 42. Kd1 exd2 43. Kxd2 Rb2+ 44. Kd1 Qd3+ 0-1

[Event "Titled Tuesday intern op 11th Jan"]
[Site "Chess.com INT"]
[Date "2022.01.11"]
[Round "4"]
[White "Toolin, Christopher"]
[Black "Berezin, Viktor1111"]
[Result "1-0"]
[WhiteElo "2146"]
[BlackElo "2307"]
[PlyCount "39"]
[EventDate "2022.01.11"]
[EventType "swiss (blitz)"]
[EventRounds "11"]
[EventCountry "USA"]
[SourceTitle "CBM 206 Extra"]
[Source "ChessBase"]
[SourceDate "2022.03.31"]
[SourceVersion "1"]
[SourceVersionDate "2022.03.31"]
[SourceQuality "1"]

1. d4 Nf6 2. c4 g6 3. f3 Bg7 4. e4 d6 5. Nc3 0-0 6. Nge2 Nc6 7. Bg5 a6 8. Qd2 Rb8 9. d5 Ne5 10. Nd4 c5 11. dxc6 Nxc6 12. Nc2 Qa5 13. Be2 Bd7 14. 0-0 Rfc8 15. Rad1 Ne5 16. b3 b5 17. Bxf6 Bxf6 18. Nd5 bxc4 19. Nxf6+ exf6 20. Qxa5 1-0

[Event "Titled Tuesday intern op 04th Jan"]
[Site "Chess.com INT"]
[Date "2022.01.04"]
[Round "7"]
[White "Rudzinska, Michalina"]
[Black "Toolin, Christopher"]
[Result "1-0"]
[WhiteElo "2211"]
[BlackElo "2146"]
[PlyCount "91"]
[EventDate "2022.01.04"]
[EventType "swiss (blitz)"]
[EventRounds "11"]
[EventCountry "USA"]
[SourceTitle "EXT 2023"]
[Source "ChessBase"]
[SourceDate "2022.10.05"]
[SourceVersion "1"]
[SourceVersionDate "2022.10.05"]
[SourceQuality "1"]

1. e4 c5 2. Nf3 e6 3. d4 cxd4 4. Nxd4 a6 5. Bd3 Qc7 6. 0-0 d6 7. Qe2 Nf6 8. f4 Nbd7 9. c4 b6 10. Nc3 Bb7 11. Kh1 Be7 12. Be3 0-0 13. Rac1 Rac8 14. b4 Rfe8 15. Nf3 Qb8 16. Bd4 e5 17. Be3 Bd8 18. f5 Qa8 19. Bg1 Nh5 20. g3 Nhf6 21. Nd2 h5 22. h3 Nf8 23. g4 hxg4 24. hxg4 N8h7 25. Be3 a5 26. b5 Nd7 27. Qh2 Bg5 28. Rf3 Bxe3 29. Rxe3 Ndf6 30. Rg1 d5 31. Nxd5 Nxd5 32. exd5 Ng5 33. Ne4 Nxe4 34. Rxe4 Bxd5 35. cxd5 Qxd5 36. Qe2 Rc3 37. Rd1 Rd8 38. Bc2 Qa8 39. Rxd8+ Qxd8 40. Rxe5 Qc7 41. Re8+ Kh7 42. f6+ Rxc2 43. Qe4+ g6 44. Re5 Qc3 45. Rh5+ Kg8 46. Qe8# 1-0

[Event "Titled Tuesday intern op 04th Jan"]
[Site "Chess.com INT"]
[Date "2022.01.04"]
[Round "4"]
[White "Sinitsina, Anastassia"]
[Black "Toolin, Christopher"]
[Result "1-0"]
[WhiteElo "2228"]
[BlackElo "2146"]
[PlyCount "77"]
[EventDate "2022.01.04"]
[EventType "swiss (blitz)"]
[EventRounds "11"]
[EventCountry "USA"]
[SourceTitle "EXT 2023"]
[Source "ChessBase"]
[SourceDate "2022.10.05"]
[SourceVersion "1"]
[SourceVersionDate "2022.10.05"]
[SourceQuality "1"]

1. Nf3 d5 2. g3 c5 3. Bg2 Nc6 4. 0-0 e5 5. d3 f6 6. Na3 Be6 7. c4 d4 8. e3 Qd7 9. exd4 cxd4 10. Nc2 Nge7 11. b4 Ng6 12. b5 Nd8 13. Re1 Bc5 14. a4 h5 15. h4 Nf7 16. Ba3 Rc8 17. Bxc5 Rxc5 18. Qd2 0-0 19. Qb4 b6 20. a5 f5 21. axb6 axb6 22. Ra6 Qc7 23. Nfxd4 Bc8 24. Nb3 Bxa6 25. bxa6 Rc6 26. Bxc6 Qxc6 27. Qb5 Qf3 28. Qd5 Qxd5 29. cxd5 Ra8 30. Nb4 Kf8 31. Nd2 b5 32. Ra1 Ke7 33. a7 Nd6 34. Nb3 Nc8 35. Ra6 Nf8 36. Nc6+ Kd6 37. Ncd4+ Kxd5 38. Nxb5 Ne6 39. Nc3# 1-0

[Event "Titled Tuesday intern op 04th Jan"]
[Site "Chess.com INT"]
[Date "2022.01.04"]
[Round "2"]
[White "Toolin, Christopher"]
[Black "Dourerassou, Jonathan"]
[Result "1-0"]
[WhiteElo "2146"]
[BlackElo "2450"]
[PlyCount "85"]
[EventDate "2022.01.04"]
[EventType "swiss (blitz)"]
[EventRounds "11"]
[EventCountry "USA"]
[SourceTitle "EXT 2023"]
[Source "ChessBase"]
[SourceDate "2022.10.05"]
[SourceVersion "1"]
[SourceVersionDate "2022.10.05"]
[SourceQuality "1"]

1. d4 d6 2. Nf3 g6 3. Bg5 Bg7 4. Nbd2 Nd7 5. c3 c5 6. e3 Ngf6 7. Bd3 0-0 8. 0-0 a6 9. Re1 b5 10. a4 b4 11. cxb4 cxb4 12. a5 Bb7 13. Qb3 Rb8 14. Rec1 Bd5 15. Bc4 Bb7 16. Ra4 Ne4 17. Rxb4 Nxd2 18. Nxd2 Qxa5 19. Rxb7 Rxb7 20. Qxb7 Qxd2 21. Rf1 Qc2 22. b3 Qf5 23. Bxe7 Re8 24. Bxd6 Nf8 25. Bg3 h5 26. Qxa6 Ne6 27. Bxe6 Rxe6 28. Qc8+ Kh7 29. b4 Qe4 30. h4 Rb6 31. Qc4 Qf5 32. Qc5 Qe6 33. d5 Qf6 34. e4 Rb7 35. e5 Qf5 36. d6 Qd7 37. Rc1 Bh6 38. Rc2 Qg4 39. Qd5 Qxb4 40. Rc7 Qe1+ 41. Kh2 Rb1 42. Qxf7+ Bg7 43. Qxg7# 1-0

[Event "Titled Tuesday intern op 28th Dec"]
[Site "Chess.com INT"]
[Date "2021.12.28"]
[Round "4"]
[White "Bashirli, Saadat"]
[Black "Toolin, Christopher"]
[Result "0-1"]
[WhiteElo "1395"]
[BlackElo "2146"]
[PlyCount "38"]
[EventDate "2021.12.28"]
[EventType "swiss (blitz)"]
[EventRounds "11"]
[EventCountry "USA"]
[SourceTitle "CBM 206 Extra"]
[Source "ChessBase"]
[SourceDate "2022.03.31"]
[SourceVersion "1"]
[SourceVersionDate "2022.03.31"]
[SourceQuality "1"]

1. d4 Nf6 2. Bg5 e6 3. e4 c5 4. e5 h6 5. exf6 hxg5 6. fxg7 Bxg7 7. c3 cxd4 8. cxd4 Nc6 9. Nf3 g4 10. Ne5 Nxe5 11. dxe5 Qa5+ 12. Nc3 Qxe5+ 13. Be2 g3 14. fxg3 Rxh2 15. Rxh2 Qxg3+ 16. Kf1 Qxh2 17. Kf2 Qf4+ 18. Kg1 Bd4+ 19. Kh1 Qh4# 0-1

[Event "Titled Tuesday intern op 28th Dec"]
[Site "Chess.com INT"]
[Date "2021.12.28"]
[Round "2"]
[White "Toolin, Christopher"]
[Black "Sorokin, Aleksey"]
[Result "0-1"]
[WhiteElo "2146"]
[BlackElo "2536"]
[PlyCount "104"]
[EventDate "2021.12.28"]
[EventType "swiss (blitz)"]
[EventRounds "11"]
[EventCountry "USA"]
[SourceTitle "CBM 206 Extra"]
[Source "ChessBase"]
[SourceDate "2022.03.31"]
[SourceVersion "1"]
[SourceVersionDate "2022.03.31"]
[SourceQuality "1"]

1. d4 Nf6 2. c4 g6 3. f3 d5 4. cxd5 Nxd5 5. e4 Nb6 6. Nc3 Bg7 7. Be3 0-0 8. Qd2 Nc6 9. 0-0-0 Qd6 10. Nb5 Qd7 11. Kb1 Rd8 12. d5 a6 13. Nc3 Na7 14. h4 Nb5 15. Nxb5 axb5 16. h5 Nc4 17. Bxc4 bxc4 18. hxg6 Qa4 19. gxf7+ Kh8 20. a3 c3 21. Qc2 cxb2 22. e5 Qxc2+ 23. Kxc2 Rxa3 24. Bd4 e6 25. Bxb2 Ra8 26. Nh3 exd5 27. g4 Bd7 28. Nf4 h6 29. e6 Ba4+ 30. Kb1 Kh7 31. Rxd5 Rxd5 32. Nxd5 Rf8 33. Ba3 c5 34. Bxc5 Rc8 35. Nb6 Rxc5 36. Nxa4 Re5 37. Nc5 b6 38. Ne4 Kg6 39. Rd1 Rxe6 40. Rd6 Kxf7 41. Rxe6 Kxe6 42. Kc2 Ke5 43. Kd3 Kf4 44. Ke2 b5 45. Nf2 Ke5 46. Ke3 Kd5 47. Kd3 b4 48. Nd1 b3 49. Nc3+ Ke5 50. Ke3 b2 51. f4+ Ke6 52. Nb1 Kd5 0-1

[Event "Titled Tuesday intern op 14th Dec"]
[Site "Chess.com INT"]
[Date "2021.12.14"]
[Round "5"]
[White "Toolin, Christopher"]
[Black "Walentukiewicz, Michal"]
[Result "0-1"]
[WhiteElo "2146"]
[BlackElo "2094"]
[PlyCount "84"]
[EventDate "2021.12.14"]
[EventType "swiss (blitz)"]
[EventRounds "11"]
[EventCountry "USA"]
[SourceTitle "EXT 2023"]
[Source "ChessBase"]
[SourceDate "2022.10.05"]
[SourceVersion "1"]
[SourceVersionDate "2022.10.05"]
[SourceQuality "1"]

1. e4 g6 2. d4 Bg7 3. Nc3 c5 4. Nf3 cxd4 5. Nxd4 Nc6 6. Be3 Nf6 7. Nxc6 bxc6 8. e5 Nd5 9. Nxd5 cxd5 10. Qxd5 Rb8 11. Bc4 0-0 12. 0-0 Bb7 13. Qd3 Bxe5 14. Bxa7 Rc8 15. Bd4 Bxh2+ 16. Kxh2 Qc7+ 17. Kg1 Qxc4 18. Qe3 d6 19. Bc3 e5 20. a4 f5 21. Rfd1 f4 22. Qh3 Qc6 23. a5 Rf5 24. Rd3 Rg5 25. f3 Qc5+ 26. Kf1 Ba6 27. Rad1 Bxd3+ 28. Rxd3 Rf5 29. Qh4 Re8 30. b4 Qc6 31. Qf2 Rh5 32. Ke2 e4 33. fxe4 Qxe4+ 34. Kd2 Rh2 35. Kc1 Rxg2 36. Qd4 Qxd4 37. Rxd4 f3 38. Rf4 f2 39. Kb2 Rf8 40. Rc4 f1Q 41. Rc7 Rf6 42. a6 Qf2 0-1

[Event "Titled Tuesday intern op 21st Sept"]
[Site "Chess.com INT"]
[Date "2021.09.21"]
[Round "8"]
[White "Budrewicz, Krzysztof"]
[Black "Toolin, Christopher"]
[Result "1-0"]
[WhiteElo "2188"]
[BlackElo "2146"]
[PlyCount "97"]
[EventDate "2021.09.21"]
[EventType "swiss (blitz)"]
[EventRounds "9"]
[EventCountry "USA"]
[SourceTitle "EXT 2022"]
[Source "ChessBase"]
[SourceDate "2021.10.06"]
[SourceVersion "1"]
[SourceVersionDate "2021.10.06"]
[SourceQuality "1"]

1. d4 Nf6 2. c4 e6 3. Nf3 d5 4. Nc3 Bb4 5. e3 c5 6. a3 Bxc3+ 7. bxc3 0-0 8. a4 Qa5 9. Qc2 cxd4 10. exd4 Nc6 11. Ba3 Rd8 12. Bd3 dxc4 13. Bxc4 Qf5 14. Qxf5 exf5 15. 0-0 Ne4 16. Rac1 Na5 17. Ba2 Be6 18. c4 Rac8 19. d5 Bd7 20. Nd4 g6 21. Nb5 Bxb5 22. cxb5 b6 23. Be7 Rxc1 24. Rxc1 Rd7 25. d6 Nxd6 26. Bf6 Ne8 27. Ba1 Nb7 28. h4 Nc5 29. Kh2 Rd2 30. Bc4 Rxf2 31. Rd1 Rf4 32. Rd8 Kf8 33. Bd5 Rxh4+ 34. Kg1 Ke7 35. Ra8 Nc7 36. Rxa7 Kd6 37. Bxf7 Rxa4 38. Rxa4 Nxa4 39. Bg8 Nxb5 40. Bxh7 Nac3 41. Bxg6 f4 42. Kf2 Kd5 43. Kf3 Nd4+ 44. Kxf4 Nce2+ 45. Ke3 b5 46. Be4+ Kc5 47. Bd3 Nb3 48. Bf6 Nc3 49. Bxc3 1-0

[Event "Titled Tuesday intern op 21st Sept"]
[Site "Chess.com INT"]
[Date "2021.09.21"]
[Round "6"]
[White "Toolin, Christopher"]
[Black "Erdogmus, Yagiz Kaan"]
[Result "0-1"]
[WhiteElo "2146"]
[BlackElo "2150"]
[PlyCount "62"]
[EventDate "2021.09.21"]
[EventType "swiss (blitz)"]
[EventRounds "9"]
[EventCountry "USA"]
[SourceTitle "EXT 2022"]
[Source "ChessBase"]
[SourceDate "2021.10.06"]
[SourceVersion "1"]
[SourceVersionDate "2021.10.06"]
[SourceQuality "1"]

1. e4 c5 2. Nf3 e6 3. d4 cxd4 4. Nxd4 Nf6 5. Bd3 Nc6 6. c3 e5 7. Nc2 h6 8. Ne3 d5 9. exd5 Nxd5 10. Nxd5 Qxd5 11. 0-0 Be6 12. Qc2 Be7 13. Rd1 Qa5 14. Be3 0-0 15. Nd2 f5 16. f4 Rac8 17. Nb3 Qc7 18. Qf2 Bd6 19. Nc5 exf4 20. Nxe6 fxe3 21. Qh4 Qb6 22. Kh1 Rf6 23. Bc4 Na5 24. Bd5 Kh8 25. Re1 Qxb2 26. Rab1 Qxc3 27. Qh3 Qe5 28. Rb5 Rxe6 29. Rxa5 Bb4 30. Bxe6 Qxe6 31. Rb5 Bxe1 0-1

[Event "Titled Tuesday intern op 11th May"]
[Site "Chess.com INT"]
[Date "2021.05.11"]
[Round "6"]
[White "Simonovic, Miroslav"]
[Black "Toolin, Christopher"]
[Result "1-0"]
[WhiteElo "2119"]
[BlackElo "2146"]
[PlyCount "131"]
[EventDate "2021.05.11"]
[EventType "swiss (blitz)"]
[EventRounds "11"]
[EventCountry "USA"]
[SourceTitle "CBM 202 Extra"]
[Source "ChessBase"]
[SourceDate "2021.07.31"]
[SourceVersion "1"]
[SourceVersionDate "2021.07.31"]
[SourceQuality "1"]

1. d4 Nf6 2. Bg5 e6 3. e4 c5 4. Bxf6 Qxf6 5. e5 Qe7 6. d5 exd5 7. Qxd5 Nc6 8. f4 d6 9. Nf3 Be6 10. Qxd6 Qxd6 11. exd6 Bxd6 12. g3 Nb4 13. Bb5+ Kf8 14. Na3 Bd5 15. Kf2 Be7 16. c3 Nc6 17. Bc4 Be4 18. Rhe1 f5 19. Nb5 Rc8 20. Rad1 h5 21. h4 Rh6 22. Ng5 a6 23. Ne6+ Kg8 24. Nxc5+ Kh8 25. Nxe4 axb5 26. Ng5 bxc4 27. Nf7+ Kh7 28. Nxh6 Bc5+ 29. Kf3 Kxh6 30. Re6+ Kh7 31. Rd7 Bf8 32. Rxb7 Nd8 33. Re8 Nxb7 34. Rxc8 Kg8 35. Rxc4 Nc5 36. b4 Nd3 37. Ke3 Ne1 38. a4 Kf7 39. a5 Nc2+ 40. Kd2 Na3 41. Rc7+ Ke6 42. Rb7 Bd6 43. a6 Nc4+ 44. Kd3 Kd5 45. a7 Nb2+ 46. Kc2 Nc4 47. a8Q Ke4 48. Rd7+ Ke3 49. Rxd6 Nxd6 50. Qd5 Ne4 51. Qxf5 Nxg3 52. Qg5 Ne4 53. Qxg7 Kxf4 54. Qh6+ Kg4 55. Qe6+ Kf4 56. Qxe4+ Kxe4 57. b5 Kf4 58. c4 Kg4 59. b6 Kxh4 60. b7 Kg3 61. b8Q+ Kg2 62. Qg8+ Kh3 63. Kd2 h4 64. Ke2 Kh2 65. Kf2 Kh1 66. Qg1# 1-0

[Event "Titled Tuesday intern op 16th Mar"]
[Site "Chess.com INT"]
[Date "2021.03.16"]
[Round "2"]
[White "Csonka, Balazs"]
[Black "Toolin, Christopher"]
[Result "1-0"]
[WhiteElo "2498"]
[BlackElo "2146"]
[PlyCount "53"]
[EventDate "2021.03.16"]
[EventType "swiss (blitz)"]
[EventRounds "11"]
[EventCountry "USA"]
[SourceTitle "CBM 201 Extra"]
[Source "ChessBase"]
[SourceDate "2021.05.31"]
[SourceVersion "1"]
[SourceVersionDate "2021.05.31"]
[SourceQuality "1"]

1. d4 Nf6 2. Bf4 d5 3. e3 c5 4. c3 e6 5. Nf3 Be7 6. Nbd2 0-0 7. Bd3 b6 8. Ne5 Nfd7 9. h4 Nxe5 10. dxe5 Ba6 11. Nf3 Bxd3 12. Qxd3 Qc8 13. Ng5 Bxg5 14. hxg5 g6 15. e4 dxe4 16. Qh3 h5 17. g4 Qa6 18. gxh5 Qd3 19. Be3 Rd8 20. hxg6 Kf8 21. Qh8+ Ke7 22. Qf6+ Kd7 23. gxf7 Nc6 24. Rd1 c4 25. g6 Kc7 26. Rxd3 cxd3 27. g7 1-0

[Event "Titled Tuesday intern op 16th Mar"]
[Site "Chess.com INT"]
[Date "2021.03.16"]
[Round "5"]
[White "Toolin, Christopher"]
[Black "Rodchenkov, Sergey D"]
[Result "0-1"]
[WhiteElo "2146"]
[BlackElo "2346"]
[PlyCount "62"]
[EventDate "2021.03.16"]
[EventType "swiss (blitz)"]
[EventRounds "11"]
[EventCountry "USA"]
[SourceTitle "CBM 201 Extra"]
[Source "ChessBase"]
[SourceDate "2021.05.31"]
[SourceVersion "1"]
[SourceVersionDate "2021.05.31"]
[SourceQuality "1"]

1. Nf3 Nf6 2. c4 b6 3. g3 Bb7 4. Bg2 e6 5. 0-0 Be7 6. d3 0-0 7. Nc3 d5 8. cxd5 exd5 9. d4 Na6 10. a3 c5 11. Bf4 Re8 12. Rc1 Bf8 13. Qa4 cxd4 14. Nxd4 Nc5 15. Qc2 Rc8 16. Bh3 Ne6 17. Rfd1 Nxf4 18. Bxc8 Qxc8 19. gxf4 Qg4+ 20. Kh1 Qxf4 21. e3 Qh4 22. Rg1 g6 23. Rg3 Bc8 24. Nce2 Bd6 25. f4 Ne4 26. Rg2 Bh3 27. Rcg1 Nf2+ 28. Rxf2 Qxf2 29. Nc3 Qxe3 30. Qd1 Qxf4 31. Nxd5 Qxh2# 0-1

[Event "Titled Tuesday intern op 09th Mar"]
[Site "Chess.com INT"]
[Date "2021.03.09"]
[Round "3"]
[White "Aditya, Mittal"]
[Black "Toolin, Christopher"]
[Result "1-0"]
[WhiteElo "2438"]
[BlackElo "2146"]
[PlyCount "47"]
[EventDate "2021.03.09"]
[EventType "swiss (blitz)"]
[EventRounds "11"]
[EventCountry "USA"]
[SourceTitle "CBM 201 Extra"]
[Source "ChessBase"]
[SourceDate "2021.05.31"]
[SourceVersion "1"]
[SourceVersionDate "2021.05.31"]
[SourceQuality "1"]

1. d4 Nf6 2. c4 e6 3. Nc3 d5 4. cxd5 exd5 5. Bg5 Bb4 6. e3 c5 7. Nge2 Nbd7 8. a3 Bxc3+ 9. Nxc3 Qb6 10. Qd2 cxd4 11. exd4 0-0 12. Be2 Re8 13. 0-0 Ne4 14. Nxe4 Rxe4 15. Bd3 Re8 16. Rfe1 Rf8 17. Be7 Re8 18. Bc5 Qd8 19. Rxe8+ Qxe8 20. Re1 Qd8 21. Qg5 f6 22. Qxd5+ Kh8 23. Qh5 f5 24. Re8+ 1-0

[Event "Titled Tuesday intern op 09th Mar"]
[Site "Chess.com INT"]
[Date "2021.03.09"]
[Round "6"]
[White "Toolin, Christopher"]
[Black "Novik, Maxim"]
[Result "0-1"]
[WhiteElo "2146"]
[BlackElo "2434"]
[PlyCount "88"]
[EventDate "2021.03.09"]
[EventType "swiss (blitz)"]
[EventRounds "11"]
[EventCountry "USA"]
[SourceTitle "CBM 201 Extra"]
[Source "ChessBase"]
[SourceDate "2021.05.31"]
[SourceVersion "1"]
[SourceVersionDate "2021.05.31"]
[SourceQuality "1"]

1. d4 Nf6 2. c4 g6 3. f3 c5 4. d5 e6 5. Nc3 exd5 6. cxd5 d6 7. e4 Bg7 8. Bb5+ Nbd7 9. Bf4 a6 10. Bxd7+ Nxd7 11. Nge2 0-0 12. Bxd6 Re8 13. 0-0 Qb6 14. Bg3 Qxb2 15. Rb1 Qa3 16. Qc1 Qa5 17. f4 c4 18. f5 b5 19. fxg6 hxg6 20. Rf3 b4 21. Nd1 Rxe4 22. Nf4 Ne5 23. Rf1 c3 24. Nf2 Rd4 25. Qe3 Rd2 26. Ne4 Rd3 27. Qf2 Bf5 28. Nxd3 Nxd3 29. Qe3 Re8 30. Nf6+ Bxf6 31. Qxe8+ Kg7 32. d6 Qc5+ 33. Kh1 c2 34. Rbc1 Nxc1 35. Rxc1 Qd5 36. d7 Qd1+ 37. Qe1 Qxd7 38. Qf2 Qd3 39. h3 a5 40. Kh2 a4 41. Rf1 b3 42. Bh4 Be5+ 43. Kh1 b2 44. a3 c1Q 0-1

[Event "Titled Tuesday intern op 12th Jan"]
[Site "Chess.com INT"]
[Date "2021.01.12"]
[Round "9"]
[White "Madaminov, Mukhiddin"]
[Black "Toolin, Christopher"]
[Result "0-1"]
[WhiteElo "2258"]
[BlackElo "2146"]
[PlyCount "108"]
[EventDate "2021.01.12"]
[EventType "swiss (blitz)"]
[EventRounds "11"]
[EventCountry "USA"]
[SourceTitle "CBM 200 Extra"]
[Source "ChessBase"]
[SourceDate "2021.03.31"]
[SourceVersion "1"]
[SourceVersionDate "2021.03.31"]
[SourceQuality "1"]

1. d4 Nf6 2. Nc3 e6 3. e4 d5 4. e5 Nfd7 5. f4 c5 6. Nf3 Nc6 7. Be3 cxd4 8. Nxd4 Bc5 9. Qd2 0-0 10. g3 Qe7 11. a3 f6 12. exf6 Nxf6 13. 0-0-0 Bd7 14. Bh3 Rac8 15. Rhe1 Bxa3 16. bxa3 Qxa3+ 17. Kb1 Nb4 18. Nb3 Ne4 19. Bd4 Nxd2+ 20. Rxd2 Rc4 21. Re3 Rfc8 22. Bf1 Nxc2 23. Rxc2 Qxb3+ 24. Rb2 Qa3 25. Bxc4 Rxc4 26. Ne2 Qa5 27. Bc3 Qc5 28. Rd3 Ba4 29. Rxb7 Qf2 30. Rxg7+ Kf8 31. Nd4 Rxd4 32. Bxd4 Qc2+ 33. Ka1 Qxd3 34. Be5 Qd1+ 35. Kb2 Qc2+ 36. Ka1 Bb3 37. Rxa7 Qd1+ 38. Kb2 Qc2+ 39. Ka3 Qa2+ 40. Kb4 Qxa7 41. Kxb3 Qb6+ 42. Kc3 Qe3+ 43. Kb4 d4 44. Bd6+ Ke8 45. Bc5 Qd2+ 46. Kc4 d3 47. Bb4 Qc2+ 48. Kd4 d2 49. Bxd2 Qxd2+ 50. Ke5 Qxh2 51. Kf6 Qxg3 52. Kxe6 Qxf4 53. Kd5 Ke7 54. Kc6 Qe5 0-1

[Event "Titled Tuesday intern op 12th Jan"]
[Site "Chess.com INT"]
[Date "2021.01.12"]
[Round "3"]
[White "Shapiro, David"]
[Black "Toolin, Christopher"]
[Result "1-0"]
[WhiteElo "2395"]
[BlackElo "2146"]
[PlyCount "129"]
[EventDate "2021.01.12"]
[EventType "swiss (blitz)"]
[EventRounds "11"]
[EventCountry "USA"]
[SourceTitle "CBM 200 Extra"]
[Source "ChessBase"]
[SourceDate "2021.03.31"]
[SourceVersion "1"]
[SourceVersionDate "2021.03.31"]
[SourceQuality "1"]

1. d4 Nf6 2. Nc3 e6 3. Bf4 d6 4. e4 Nbd7 5. Nf3 Be7 6. Bd3 b6 7. e5 Nh5 8. exd6 Nxf4 9. dxe7 Qxe7 10. Be4 Rb8 11. Qd2 Nxg2+ 12. Kf1 Nh4 13. Nxh4 Qxh4 14. Rg1 Ba6+ 15. Bd3 Qxd4 16. Ne2 Qxb2 17. Rd1 Bxd3 18. Qxd3 Nc5 19. Qg3 0-0 20. c3 g6 21. h4 Rbd8 22. Re1 Ne4 23. Qe5 Nd2+ 24. Kg2 Rd5 25. Qxc7 Qc2 26. Nf4 Qf5 27. Nxd5 Qf3+ 28. Kh2 Qxf2+ 29. Kh3 exd5 30. Qg3 Qf5+ 31. Qg4 Qxg4+ 32. Rxg4 h5 33. Ra4 Ne4 34. c4 Nf2+ 35. Kg2 Nd3 36. Re3 dxc4 37. Rxc4 Nc5 38. Re7 Rd8 39. Rxa7 Rd2+ 40. Kg1 Nd3 41. Rc8+ Kg7 42. Rcc7 Ne5 43. Rc3 Re2 44. Kf1 Re4 45. Kf2 Rxh4 46. Rb3 Rh2+ 47. Kg3 Re2 48. Rxb6 h4+ 49. Kxh4 Re4+ 50. Kg3 Kh6 51. a4 f5 52. a5 Kg5 53. a6 f4+ 54. Kg2 Ng4 55. Rg7 Re2+ 56. Kf1 f3 57. Rbxg6+ Kf5 58. Rg5+ Ke4 59. Rxg4+ Ke3 60. Re7+ Kd3 61. Rxe2 fxe2+ 62. Ke1 Ke3 63. Rg2 Kf3 64. Rxe2 Kg3 65. a7 1-0

[Event "Titled Tuesday intern op 12th Jan"]
[Site "Chess.com INT"]
[Date "2021.01.12"]
[Round "11"]
[White "Stocek, Jiri"]
[Black "Toolin, Christopher"]
[Result "1-0"]
[WhiteElo "2604"]
[BlackElo "2146"]
[PlyCount "75"]
[EventDate "2021.01.12"]
[EventType "swiss (blitz)"]
[EventRounds "11"]
[EventCountry "USA"]
[SourceTitle "CBM 200 Extra"]
[Source "ChessBase"]
[SourceDate "2021.03.31"]
[SourceVersion "1"]
[SourceVersionDate "2021.03.31"]
[SourceQuality "1"]

1. c4 Nf6 2. Nc3 c5 3. Nf3 b6 4. d4 cxd4 5. Nxd4 Bb7 6. Bg5 e6 7. e3 Be7 8. Rc1 0-0 9. h4 d6 10. h5 h6 11. Bxf6 Bxf6 12. Qg4 Nd7 13. Be2 Rc8 14. b3 a6 15. 0-0 Be5 16. Bf3 Nf6 17. Qh3 Bxf3 18. Qxf3 Qe7 19. Rfd1 Rfd8 20. Nc6 Rxc6 21. Qxc6 Nxh5 22. Ne2 Qh4 23. f4 Bf6 24. Rxd6 Rxd6 25. Qxd6 Qg4 26. Rc2 Bh4 27. Qc6 Qg6 28. Nd4 Qd3 29. Qf3 g6 30. Qe2 Qe4 31. Rd2 Ng3 32. Qf3 Qb1+ 33. Qd1 Qe4 34. Qf3 Qb1+ 35. Rd1 Qxa2 36. Qg4 g5 37. Nxe6 fxe6 38. Qxe6+ 1-0